| 000 | 00386nam a22001457a 4500 | ||
|---|---|---|---|
| 005 | 20200619151221.0 | ||
| 008 | 200619b xxu||||| |||| 00| 0 eng d | ||
| 082 | _a345.4 LIC | ||
| 110 |
_aALL INDIA REPORTER _96237 |
||
| 245 | _aLABOUR AND INDUSTRIAL CASES [1980] V-13 NOC 1-80 | ||
| 260 |
_aMUMBAI _bALL INDIA REPORTER P vt Ltd |
||
| 300 | _a1393 | ||
| 650 |
_aLAW _95701 |
||
| 942 | _cJRL | ||
| 999 |
_c7332 _d7330 |
||